000 01469nam a2200361 i 4500
001 000044323
003 DO-SdBNP
005 20250307094636.0
007 ta
008 140613s2003 dr a r 000 0 spa d
020 _a999343048x
040 _aDO-SdBNP
_bspa
_cBNPHU
_erda
082 4 _a737.047
_bB213m 2003
_222
110 2 _aMuseo Numismático y Filatélico del Banco Central (Banco Central de la República Dominicana)
_bMuseo Numismático.
_956846
245 0 0 _aCatálogo del museo numismático del Banco Central de la República Dominicana.
250 _a2a ed.
264 4 _aSanto Domingo :
_bBanco Central de la República Dominicana,
_c2003.
300 _a112 páginas :
_bilustraciones ;
_c22 cm.
336 _2rdacontent
_atexto
_btxt
337 _2rdamedia
_asin mediación
_bn
338 _2rdacarrier
_avolumen
_bnc
490 _aBanco Central de la República Dominicana
_v57
490 _aFilatelia y numismática
_v9
590 _aInventariado, 2018/BT
650 4 _aNumismática
_zRepública Dominicana
_vCatálogos
_956847
700 1 _aAlcántara Almánzar, José,
_eedición
_987139
700 1 _aAlmonte Diloné, Henry,
_eedición
_91585
700 1 _aMachado, Sinthia,
_eedición
_983847
710 2 _aBanco Central de la República Dominicana
_bDepartamento Cultural
_97006
830 0 _aBanco Central de la República Dominicana
_n57
_pFilatelia y numismática; 9
_972332
910 _aValidado. Control de calidad. MFF
942 _2ddc
_cLBS1
999 _c43812
_d43812